| 000 | 01775cam a2200133 4500500 | ||
|---|---|---|---|
| 005 | 20260405085452.0 | ||
| 041 | _afre | ||
| 042 | _adc | ||
| 100 | 1 | 0 |
_aBriffault, Xavier _eauthor |
| 245 | 0 | 0 | _aLa fabrique de la dépression : Observer, comprendre, agir |
| 260 |
_bArmand Colin,
_c2010. |
||
| 520 | _aLa dépression concerne chaque année plusieurs centaines de milliers de personnes en France, et elle peut avoir des conséquences désastreuses. Les connaissances sur ses mécanismes et sur les stratégies thérapeutiques efficaces se sont développées de façon exponentielle au cours de la dernière décennie. Elles montrent que, si les solutions à la souffrance dépressive existent, elles sont le plus souvent complexes, et qu’une compréhension fine de leurs fondements est indispensable à une efficacité réelle et durable. C’est à une telle compréhension que vise cet ouvrage, en s’appuyant sur une analyse critique approfondie des études scientifiques les plus récentes. Comment la dépression « se fabrique-t-elle » ? Comment s’en sortir et éviter de rechuter ? Quelle est l’efficacité des multiples propositions de solutions disponibles ? Comment les articuler de façon cohérente et adaptée à la spécificité de chaque situation ? Quels sont les intérêts et les limites de l’approche « evidence-based » en santé mentale ? Tant les personnes souffrant de dépression et leurs proches que les professionnels concernés trouveront ici matière à nourrir leur compréhension et à développer leurs possibilités d’actions dans la prévention et la résolution des troubles dépressifs. | ||
| 856 | 4 | 1 | _uhttps://shs.cairn.info/la-fabrique-de-la-depression--9782200350765?lang=fr&redirect-ssocas=7080 |
| 999 |
_c2197837 _d2197837 |
||